000 00434nam a22001337a 4500
003 SGT
082 _a617.6342
_bC25K
100 _aKushagar
245 _aComparison of different concentration of Chlorhexidine as cavity disinfectant on resin dentine bond strength duability
_bAn In Vitro Study
260 _aGurugram, Haryana
_bSGT University
_c2025
300 _a111
650 _aConservative Dentistry & Endodontics
942 _2ddc
_cTH
999 _c32098
_d32098